000 01421nam0a22002891 4500
001 rc\2699532
005 20250623165636.0
035 _a(NLR Aleph) 006827673
090 _a6511099
_c6511099
100 _a20110915d1934 |||y0rusy50 ca
101 0 _arus
102 _aRU
105 _ay z |||||
200 1 _aСыпной тиф у детей
_fЕ. М. Гринберг, Е. Д. Пивоварова
_gПод ред. проф. И. Я. Серебрийского
_gС пред. проф. Э. М. Кастанаяна
_gАзово-Черноморск. краев. науч.-иссл. ин-т охраны материнства и младенчества...
210 _aРостов-на-Дону
_cАзово-Черноморск. краев. кн-во
_d1934
_gтип. им. Коминтерна
215 _aОбл., 63 с.
_cграф.
_d25х17 см.
320 _aБиблиогр.: "Лит указатель" (с. 57-58)
700 1 _aГринберг
_bЕ.М.
_f1888-
_gЕлизар Маркович
701 1 _aПивоварова
_bЕ.Д.
_gЕкатерина Даниловна
702 1 _aСеребрийский
_bИ.Я.
_4340
702 1 _4080
_7ca
_8rus
_aКастанаян
_bЭ. М.
_f1869-1940
_gЭммануил Мартынович
_9205672
_3RU\NLR\AUTH\770205724
801 0 _aRU
_bNLR
_gpsbo
801 1 _aRU
_bELAR
_2rusmarc
852 _aNLR
_j34-12/1270
942 _cBOOK
980 _aNB